000 01554cam a2200373 a 4500
001 616140
003 OSt
005 20251201105332.0
008 920821s1992 tnu b 001 0 eng
010 _a 92029948
020 _a0840774842 :
_c$15.99
020 _a9780840774842
035 _a616140
040 _aDLC
_cDLC
_dDLC
050 0 0 _aBS2560
_b.T48 1992
082 0 0 _a226/.1
_220
130 0 _aBible.
_pGospels.
_lEnglish.
_sNew Revised Standard.
_f1992.
245 1 0 _aGospel parallels :
_ba comparison of the Synoptic Gospels : with alternative readings from the manuscripts and noncanonical parallels /
_cedited by Burton H. Throckmorton, Jr.
250 _a5th ed.
260 _aNashville :
_bT. Nelson,
_cc1992.
300 _axl, 212 p. ;
_c29 cm.
336 _atext
_btxt
_2rdacontent
337 _aunmediated
_bn
_2rdamedia
338 _avolume
_bnc
_2rdacarrier
500 _a"Text used is the New Revised Standard Version, 1989. The arrangement follows the Huck-Lietzmann Synopsis, 9th edition, 1936."
504 _aIncludes bibliographical references and index.
630 0 0 _aBible.
_pGospels
_vHarmonies, English.
700 1 _aThrockmorton, Burton Hamilton,
_d1921-
856 4 2 _3Publisher description
_uhttp://www.loc.gov/catdir/enhancements/fy0609/92029948-d.html
906 _a7
_bcbc
_corignew
_d1
_eocip
_f19
_gy-gencatlg
942 _2lcc
_cREF
999 _c20820
_d20819